[Event "23.Schlosspark-Open"]
[Site "Wiesbaden"]
[Date "2011.08.26"]
[Round "3.1"]
[White "Luther, Thomas"]
[Black "Ruppert, Wolfgang"]
[Result "1-0"]
[WhiteElo "2515"]
[BlackElo "2155"]
[PlyCount "111"]
[EventDate "2011.??.??"]
[WhiteTeam "SV Empor Erfurt"]
[BlackTeam "SC Flörsheim 1921"]

1. e4 e6 2. d4 d5 3. Nc3 Bb4 4. e5 c5 5. a3 Bxc3+ 6. bxc3 Ne7 7. Qg4 Qc7 8.
Qxg7 Rg8 9. Qxh7 cxd4 10. Ne2 Nbc6 11. f4 dxc3 12. Nxc3 Nd4 13. Bb2 Bd7 14.
O-O-O Ndf5 15. Qh3 Qb6 16. Rd2 O-O-O 17. Nd1 Bc6 18. Qb3 Qxb3 19. cxb3 d4 20.
Rg1 Ng6 21. g4 Nxf4 22. Rf2 Nd5 23. h3 Rd7 24. Bd3 Nde3 25. Rf4 Nd5 26. Rxf5
exf5 27. Bxf5 Nf4 28. Bxd7+ Kxd7 29. Rf1 Nxh3 30. Bxd4 Bd5 31. Ne3 Bxb3 32.
Bxa7 Be6 33. Kb2 b6 34. Bxb6 Rb8 35. Rd1+ Kc6 36. Rd6+ Kb5 37. Bd4 Ka4+ 38. Kc3
Rc8+ 39. Kd2 Kxa3 40. Rb6 Ka4 41. Bc3 Nf2 42. Rb4+ Ka5 43. Rf4+ Rxc3 44. Kxc3
Nh3 45. Rf1 Kb5 46. Kd4 Ng5 47. Rc1 Kb6 48. Nf5 Kb7 49. Ke3 Kb6 50. Nd4 Bd5 51.
Kf4 Nh3+ 52. Kf5 Nf2 53. g5 Nd3 54. Rd1 Nc5 55. Rb1+ Kc7 56. Rb5 1-0

[Event "23.Schlosspark-Open"]
[Site "Wiesbaden"]
[Date "2011.08.26"]
[Round "3.2"]
[White "Kreiling, Carsten"]
[Black "Meijers, Viesturs"]
[Result "0-1"]
[WhiteElo "2138"]
[BlackElo "2492"]
[PlyCount "112"]
[EventDate "2011.??.??"]
[WhiteTeam "SVG Eppstein 1932"]
[BlackTeam "ESV Nickelhütte Aue"]

1. d4 Nf6 2. c4 e6 3. Nf3 d5 4. cxd5 exd5 5. Nc3 Be7 6. Bg5 Nbd7 7. Qc2 O-O 8.
e3 b6 9. Bd3 Bb7 10. O-O a6 11. Ne5 h6 12. Nxd7 Qxd7 13. Bxf6 Bxf6 14. b4 Be7
15. Bf5 Qd8 16. Rab1 Bd6 17. e4 dxe4 18. Bxe4 Bxe4 19. Nxe4 Be7 20. Qc4 Qd7 21.
d5 Rfd8 22. Rfd1 b5 23. Qb3 Qf5 24. Nc5 Rd6 25. Rd3 Bg5 26. Rbd1 Re8 27. f3 Rg6
28. Ne4 Bf4 29. d6 Qh3 30. g3 cxd6 31. Nf2 Qd7 32. Ne4 Be5 33. Qd5 h5 34. Kh1
Qe7 35. Nf2 h4 36. g4 h3 37. Re1 Qh4 38. Rd2 Rge6 39. Rde2 Qh6 40. Re4 Kh8 41.
Nd3 Qd2 42. R4e2 Bc3 43. Qxe6 Rxe6 44. Rxd2 Rxe1+ 45. Nxe1 Bxd2 46. Nc2 g5 47.
Kg1 Kg7 48. Kf2 Bf4 49. Ne3 Bxe3+ 50. Kxe3 Kf6 51. Kd4 Ke6 52. Ke4 d5+ 53. Kd4
Kd6 54. Kd3 Ke5 55. Ke3 d4+ 56. Kd3 Kd5 0-1

[Event "23.Schlosspark-Open"]
[Site "Wiesbaden"]
[Date "2011.08.26"]
[Round "3.3"]
[White "Boidman, Yuri"]
[Black "Specht, Christian"]
[Result "1-0"]
[WhiteElo "2444"]
[BlackElo "2132"]
[PlyCount "103"]
[EventDate "2011.??.??"]
[WhiteTeam "SC Heimbach-Weis/N."]
[BlackTeam "SC Flörsheim 1921"]

1. e4 c5 2. Nf3 Nc6 3. Bb5 d6 4. d4 cxd4 5. Qxd4 Bd7 6. Bxc6 bxc6 7. O-O e5 8.
Qd3 Be7 9. Rd1 h6 10. Na3 Be6 11. Nc4 Bxc4 12. Qxc4 Qc7 13. Bd2 a5 14. b4 axb4
15. Bxb4 Nf6 16. Nh4 O-O 17. Ng6 Rfd8 18. Qxc6 Qa7 19. Qc4 Rac8 20. Nxe7+ Qxe7
21. Bxd6 Rxc4 22. Bxe7 Rxd1+ 23. Rxd1 Nxe4 24. Ra1 Rxc2 25. f3 Nc5 26. Bxc5
Rxc5 27. a4 Ra5 28. Kf2 f5 29. Ke3 Kf7 30. Kd3 Kf6 31. Kc4 e4 32. fxe4 fxe4 33.
Kd4 Kf5 34. g3 g5 35. Kc4 Kg4 36. Kd4 Kf5 37. Ke3 Ke5 38. g4 Rd5 39. Ra3 Ra5
40. Ra2 Rd5 41. a5 Rd3+ 42. Kf2 Kf4 43. a6 Rd8 44. a7 Ra8 45. h3 e3+ 46. Kg2
Ke4 47. Ra3 Kd5 48. Kf3 Kc6 49. Kxe3 Kb7 50. Ke4 Re8+ 51. Kf5 Ka8 52. Ra6 1-0

[Event "23.Schlosspark-Open"]
[Site "Wiesbaden"]
[Date "2011.08.26"]
[Round "3.4"]
[White "Cofman, Veaceslav"]
[Black "Poetsch, Hagen"]
[Result "0-1"]
[WhiteElo "1990"]
[BlackElo "2403"]
[PlyCount "92"]
[EventDate "2011.??.??"]
[WhiteTeam "Karlsruher SF 1853"]
[BlackTeam "Wiesbadener SV 1885"]

1. d4 Nf6 2. c4 e6 3. Nc3 Bb4 4. a3 Bxc3+ 5. bxc3 c5 6. Qc2 Nc6 7. Nf3 d5 8.
cxd5 Qxd5 9. Bb2 cxd4 10. cxd4 Bd7 11. e3 Rc8 12. Qd1 Na5 13. Bd3 Nc4 14. Bxc4
Rxc4 15. O-O Ba4 16. Qe1 O-O 17. Ne5 Rc2 18. Qb4 Bb5 19. Rfb1 Rfc8 20. Rc1 Bc6
21. f3 a5 22. Qb6 Nd7 23. Nxc6 Rxg2+ 24. Kh1 Rxh2+ 25. Kxh2 Qh5+ 26. Kg2 Qg5+
27. Kf2 Nxb6 28. Ne5 Rxc1 29. Rxc1 f6 30. Nd3 Nd5 31. Re1 h5 32. Bc1 e5 33.
dxe5 fxe5 34. Bb2 Qh4+ 35. Ke2 e4 36. fxe4 Qxe4 37. Bd4 Qg2+ 38. Nf2 h4 39. Rb1
h3 40. Rc1 h2 41. Rd1 g5 42. Be5 g4 43. e4 Qf3+ 44. Ke1 g3 45. Bxg3 Qxg3 46.
Ke2 Nf4+ 0-1

[Event "23.Schlosspark-Open"]
[Site "Wiesbaden"]
[Date "2011.08.26"]
[Round "3.5"]
[White "Minz, Michail"]
[Black "Geske, Julian"]
[Result "0-1"]
[WhiteElo "2107"]
[BlackElo "2337"]
[PlyCount "98"]
[EventDate "2011.??.??"]
[WhiteTeam "SK Gau-Algesheim"]
[BlackTeam "Wiesbadener SV 1885"]

1. e4 e5 2. Nc3 Nf6 3. Nf3 Nc6 4. Bb5 Bd6 5. Be2 O-O 6. d3 Be7 7. Bg5 d6 8. O-O
h6 9. Bxf6 Bxf6 10. Nd5 Be6 11. Nxf6+ Qxf6 12. Qd2 d5 13. exd5 Bxd5 14. Qc3
Rfe8 15. Qc5 Rad8 16. c3 b6 17. Qa3 e4 18. dxe4 Rxe4 19. Rae1 Rxe2 20. Rxe2
Bxf3 21. gxf3 Qg6+ 22. Kh1 Qd3 23. Rfe1 Qxf3+ 24. Kg1 Rd6 25. Re3 Rg6+ 26. Kf1
Qg2+ 27. Ke2 Rf6 28. Kd1 Rxf2 29. R3e2 Qd5+ 30. Kc1 Qg5+ 31. Kb1 Qf5+ 32. Kc1
Qf4+ 33. Kd1 Qf3 34. c4 Qg4 35. Qe3 Rf4 36. Rg1 Rd4+ 37. Ke1 Qh4+ 38. Rg3 Kh7
39. b3 Nb4 40. Kf1 Nd3 41. Rf3 Nc5 42. Qf2 Rd1+ 43. Kg2 Qg4+ 44. Rg3 Qd7 45.
Qf4 Ne6 46. Qe4+ g6 47. Rf2 Ng5 48. Qb7 Qe7 49. h4 Qe1 0-1

[Event "23.Schlosspark-Open"]
[Site "Wiesbaden"]
[Date "2011.08.26"]
[Round "3.6"]
[White "Dausch, Rene"]
[Black "Schwarz, Eduard"]
[Result "1/2-1/2"]
[WhiteElo "2375"]
[BlackElo "2088"]
[PlyCount "168"]
[EventDate "2011.??.??"]
[WhiteTeam "SC Böblingen 1975 e.V."]
[BlackTeam "SG Turm Idstein"]

1. e4 e5 2. Nf3 Nc6 3. Bb5 a6 4. Bxc6 dxc6 5. O-O Bg4 6. h3 Bxf3 7. Qxf3 Qf6 8.
Qxf6 Nxf6 9. d3 Bc5 10. Nd2 O-O-O 11. Nc4 Nd7 12. Be3 f6 13. Rae1 Bxe3 14. Rxe3
Nc5 15. f4 exf4 16. Rxf4 Ne6 17. Rf2 Rhe8 18. Kf1 Nf8 19. Rg3 Ne6 20. Ne3 c5
21. Nf5 Rd7 22. b3 b5 23. Ne3 b4 24. Rf5 Kb7 25. Rd5 Rxd5 26. Nxd5 Rd8 27. Ke1
Rd7 28. Rf3 Nd4 29. Rf2 a5 30. Ne3 Kb6 31. Nc4+ Kb5 32. a4+ bxa3 33. Nxa3+ Kb4
34. Nb1 Nxb3 35. cxb3 Rxd3 36. Nd2 c4 37. bxc4 a4 38. Kd1 a3 39. Kc2 Rd4 40.
Rf1 a2 41. Ra1 Ka3 42. Kc3 Rxd2 43. Kxd2 Kb2 44. Re1 a1=Q 45. Rxa1 Kxa1 46. Kc3
Ka2 47. Kb4 Kb2 48. c5 Kc2 49. Kc4 c6 50. g4 g5 51. Kd4 Kb3 52. e5 fxe5+ 53.
Kxe5 Kc4 54. Kf6 Kxc5 55. Kxg5 Kd4 56. Kh6 c5 57. Kxh7 c4 58. g5 c3 59. g6 c2
60. g7 c1=Q 61. g8=Q Qc2+ 62. Qg6 Qb3 63. Qf6+ Ke4 64. h4 Qb7+ 65. Qg7 Qc8 66.
h5 Kf4 67. Qf7+ Kg5 68. Qg6+ Kf4 69. Qf6+ Ke4 70. h6 Qc7+ 71. Qg7 Qc8 72. Qe7+
Kf5 73. Qf7+ Kg5 74. Qg6+ Kh4 75. Kg7 Qb7+ 76. Qf7 Qg2+ 77. Qg6 Qb7+ 78. Kh8
Qb8+ 79. Kg7 Qb7+ 80. Qf7 Qg2+ 81. Kf8 Qa8+ 82. Qe8 Qf3+ 83. Kg7 Qg2+ 84. Qg6
Qb7+ 1/2-1/2

[Event "23.Schlosspark-Open"]
[Site "Wiesbaden"]
[Date "2011.08.26"]
[Round "3.7"]
[White "Klein, Maximilian"]
[Black "Kiese, Matthias"]
[Result "1-0"]
[WhiteElo "2006"]
[BlackElo "2258"]
[PlyCount "61"]
[EventDate "2011.??.??"]
[WhiteTeam "SC Idar-Oberstein"]
[BlackTeam "Bochumer SV 02"]

1. e4 c5 2. Nf3 d6 3. d4 cxd4 4. Nxd4 Nf6 5. Nc3 a6 6. Be2 e5 7. Nb3 Be7 8. O-O
O-O 9. Kh1 Be6 10. f4 Qc7 11. f5 Bc4 12. g4 d5 13. g5 Nxe4 14. Nxe4 dxe4 15. f6
Bd8 16. Be3 Bxe2 17. Qxe2 Nd7 18. Qg4 Qc6 19. Rad1 Bb6 20. fxg7 Bxe3 21. Rxd7
Rfd8 22. Rfxf7 Bf4 23. Na5 Rxd7 24. Rf8+ Kxg7 25. Nxc6 Rxf8 26. Qxd7+ Rf7 27.
Ne7 Bxg5 28. Qg4 h6 29. Nf5+ Kg6 30. Nh4+ Kg7 31. Qxe4 1-0

[Event "23.Schlosspark-Open"]
[Site "Wiesbaden"]
[Date "2011.08.26"]
[Round "3.8"]
[White "Nabavi, Parwis"]
[Black "Kobs, Stephan"]
[Result "1-0"]
[WhiteElo "2202"]
[BlackElo "2021"]
[PlyCount "197"]
[EventDate "2011.??.??"]
[WhiteTeam "SGEM Dreisamtal"]
[BlackTeam "SC Bad Salzdetfurth"]

1. d4 Nf6 2. c4 c5 3. d5 b5 4. cxb5 a6 5. bxa6 Bxa6 6. Nc3 d6 7. g3 g6 8. Bg2
Bg7 9. Nf3 Nbd7 10. O-O Nb6 11. Nh4 O-O 12. Qc2 Ra7 13. Rd1 Qa8 14. a4 Rb8 15.
b3 Nbd7 16. Rb1 Rab7 17. Ba3 Qa7 18. h3 Rc7 19. Nf3 Rcc8 20. Bf1 Ne8 21. e4
Bxf1 22. Rxf1 Nc7 23. Bc1 Rb7 24. Bf4 Rcb8 25. Rfe1 Qa6 26. Nd2 Ne5 27. Bxe5
Bxe5 28. Nc4 Bg7 29. Na3 Qa5 30. Ncb5 Nxb5 31. Nxb5 Qb4 32. Rbc1 Qa5 33. Qc4
Bb2 34. Rcd1 Bg7 35. Re2 Bd4 36. Rc1 Bg7 37. Kg2 Qa8 38. Rcc2 Qa5 39. Rcd2 Bh6
40. Rd3 Bg7 41. Qc2 Ba1 42. Qd2 Qa8 43. Kh2 Bg7 44. Re1 Qa6 45. Rc1 Qb6 46. Rc4
Qa6 47. Kg2 Qa8 48. Rc1 Qa6 49. Re1 c4 50. bxc4 Qxa4 51. Rc1 Qa6 52. Rc2 Qb6
53. Nd4 Bxd4 54. Rxd4 Qc5 55. Rd3 Rb1 56. Qe3 Qxe3 57. Rxe3 Rc8 58. e5 Rb7 59.
exd6 exd6 60. Kf3 Rd7 61. Rec3 Rc5 62. Ke2 Rdc7 63. Kd3 Kf8 64. Rb2 Ke7 65. Rb5
Kd7 66. Rxc5 Rxc5 67. Ra3 Rc7 68. Ra4 Rb7 69. Ke4 Ke7 70. Ra2 Rc7 71. Rc2 Rc5
72. Kd4 Kd7 73. h4 Ke7 74. f3 Kd7 75. h5 Ke7 76. Ra2 Rc7 77. Ra8 f5 78. h6 Kf6
79. f4 g5 80. Rf8+ Kg6 81. Rg8+ Kxh6 82. Rxg5 Rf7 83. c5 dxc5+ 84. Kc4 Rf8 85.
d6 Rd8 86. Kd5 c4 87. Rxf5 c3 88. Rf7 Rg8 89. Rc7 Rxg3 90. Kd4 Rg6 91. Ke5 Rg3
92. Ke4 Rg6 93. d7 Rd6 94. Rc6 Rxc6 95. d8=Q Rg6 96. Qf8+ Kh5 97. Qh8 c2 98.
Qxh7+ Rh6 99. Qf5+ 1-0

[Event "23.Schlosspark-Open"]
[Site "Wiesbaden"]
[Date "2011.08.26"]
[Round "3.9"]
[White "Matzies, Alexander"]
[Black "Vogel, Christian"]
[Result "1/2-1/2"]
[WhiteElo "1982"]
[BlackElo "2184"]
[PlyCount "85"]
[EventDate "2011.??.??"]
[WhiteTeam "Sfr.1932 Kelkheim"]
[BlackTeam "SV Saarbrücken 1970"]

1. d4 Nf6 2. c4 c5 3. Nf3 cxd4 4. Nxd4 b6 5. Nc3 Bb7 6. f3 a6 7. e4 d6 8. Be3
Nbd7 9. Be2 e6 10. O-O Qc7 11. Qd2 Rc8 12. Rac1 Be7 13. Rfd1 Qb8 14. Bf1 O-O
15. Qf2 Rfe8 16. Nb3 Bd8 17. Na4 Bc6 18. Nc3 Bc7 19. h3 Bb7 20. Na4 Nc5 21.
Nbxc5 dxc5 22. a3 Bc6 23. Qc2 Bh2+ 24. Kh1 Nh5 25. Bf2 Bg3 26. Nc3 Rcd8 27. b4
Qe5 28. bxc5 bxc5 29. Kg1 Bxf2+ 30. Kxf2 Rd4 31. Ne2 Rxd1 32. Rxd1 f5 33. exf5
exf5 34. Qd2 f4 35. Kg1 h6 36. Qd6 Qe3+ 37. Kh2 Re6 38. Qd8+ Kh7 39. Ng1 Ng3
40. Bd3+ g6 41. Rb1 Qd4 42. Qf8 Qd6 43. Qf7+ 1/2-1/2

[Event "23.Schlosspark-Open"]
[Site "Wiesbaden"]
[Date "2011.08.26"]
[Round "3.10"]
[White "Kuhn, Andreas"]
[Black "Marzahn, Heiko"]
[Result "1/2-1/2"]
[WhiteElo "2162"]
[BlackElo "1984"]
[PlyCount "81"]
[EventDate "2011.??.??"]
[WhiteTeam "Wiesbadener SV 1885"]
[BlackTeam "Sfr.Erbach"]

1. d4 e6 2. c4 f5 3. Nf3 Nf6 4. g3 d5 5. Bg2 c6 6. O-O Bd6 7. Bf4 Bxf4 8. gxf4
O-O 9. Nbd2 Nbd7 10. e3 Ne4 11. a3 Rf6 12. b4 Rh6 13. a4 a5 14. b5 Qe8 15. cxd5
exd5 16. Ng5 Rg6 17. Ngf3 Rh6 18. Ng5 Rg6 19. bxc6 bxc6 20. Rc1 h6 21. Ngxe4
fxe4 22. f5 Rg5 23. f3 exf3 24. Rxf3 Nf6 25. Qc2 Bd7 26. h3 Qh5 27. Rcf1 Re8
28. Kh1 Ne4 29. Nxe4 dxe4 30. Rf4 Bxf5 31. h4 Bg4 32. Qf2 Bf3 33. Bxf3 exf3 34.
Qxf3 Qxf3+ 35. R1xf3 Rd5 36. Kg2 c5 37. Rf5 Rxf5 38. Rxf5 cxd4 39. exd4 Re4 40.
h5 Rxd4 41. Rxa5 1/2-1/2

[Event "23.Schlosspark-Open"]
[Site "Wiesbaden"]
[Date "2011.08.26"]
[Round "3.11"]
[White "Donchenko, Anatoly"]
[Black "Hehn, Hartmut"]
[Result "1-0"]
[WhiteElo "2383"]
[BlackElo "2080"]
[PlyCount "115"]
[EventDate "2011.??.??"]
[WhiteTeam "SK 1858 Gießen"]
[BlackTeam "SV Ebersbach"]

1. Nf3 f5 2. d4 Nf6 3. g3 g6 4. b3 Bg7 5. Bb2 O-O 6. Bg2 d6 7. O-O c6 8. Nbd2
h6 9. Re1 d5 10. Ne5 Kh7 11. c4 Be6 12. Rc1 Nbd7 13. Nd3 Bf7 14. e3 Re8 15. Qc2
Ne4 16. Nf3 e6 17. Nfe5 Nxe5 18. Nxe5 Qe7 19. f3 Nf6 20. b4 Nd7 21. Nxf7 Qxf7
22. b5 cxb5 23. cxb5 Nb6 24. Bf1 Rac8 25. Qb3 Bf8 26. a4 Rxc1 27. Rxc1 Rc8 28.
a5 Rxc1 29. Bxc1 Nc4 30. a6 b6 31. Qc2 Qc7 32. Kf2 Bd6 33. Bd3 Kg7 34. e4 fxe4
35. fxe4 Qf7+ 36. Kg2 Ba3 37. e5 Bb2 38. Bxc4 Bxc1 39. Qxc1 Qc7 40. Qf1 dxc4
41. Qf6+ Kh7 42. d5 exd5 43. Qd6 Qxd6 44. exd6 c3 45. d7 c2 46. d8=Q c1=Q 47.
Qd7+ Kh8 48. Qxd5 Qc2+ 49. Kf3 Qc7 50. Qa8+ Kg7 51. Qb7 Qf7+ 52. Ke4 h5 53.
Qxf7+ Kxf7 54. Kd5 g5 55. Kc6 Ke6 56. Kb7 Kd6 57. Kxa7 Kc7 58. h3 1-0

[Event "23.Schlosspark-Open"]
[Site "Wiesbaden"]
[Date "2011.08.26"]
[Round "3.12"]
[White "Kolker, Vladislav"]
[Black "Malek, Daniel"]
[Result "0-1"]
[WhiteElo "2086"]
[BlackElo "2341"]
[PlyCount "86"]
[EventDate "2011.??.??"]
[WhiteTeam "Sfr.1891 Friedberg"]
[BlackTeam "SV Oberursel"]

1. e4 c6 2. Nf3 d5 3. exd5 cxd5 4. Ne5 Nf6 5. d4 g6 6. Bd3 Bg7 7. c3 O-O 8. O-O
Nbd7 9. f4 Ne8 10. Qe2 Nd6 11. Nd2 Nf6 12. b3 Bf5 13. Bb2 e6 14. Kh1 Rc8 15.
Rac1 Re8 16. c4 Bxd3 17. Qxd3 Nfe4 18. Nxe4 Nxe4 19. c5 f6 20. Nf3 Bh6 21. Nd2
f5 22. b4 Qd7 23. b5 Nxd2 24. Qxd2 Qxb5 25. g3 Bf8 26. Rfe1 Rc6 27. Re3 Ra6 28.
Rb3 Qc6 29. Bc3 Re7 30. Rcb1 Rd7 31. Kg1 Ra4 32. Rb4 Rxb4 33. Rxb4 b6 34. Qb2
bxc5 35. Rb8 Kf7 36. Rxf8+ Kxf8 37. Qb8+ Ke7 38. Qh8 e5 39. Qxh7+ Kd8 40. Qh8+
Kc7 41. Qxe5+ Kb7 42. dxc5 Qxc5+ 43. Kg2 Qc4 0-1

[Event "23.Schlosspark-Open"]
[Site "Wiesbaden"]
[Date "2011.08.26"]
[Round "3.13"]
[White "Nagel, Bernhard"]
[Black "Reinert, Stéphane"]
[Result "1-0"]
[WhiteElo "2277"]
[BlackElo "2070"]
[PlyCount "87"]
[EventDate "2011.??.??"]
[WhiteTeam "Wiesbadener SV 1885"]
[BlackTeam "SC Bad Nauheim"]

1. Nf3 Nc6 2. d4 d5 3. c4 Bg4 4. Nc3 e6 5. cxd5 exd5 6. Bf4 Bxf3 7. gxf3 Bd6 8.
Bg3 f5 9. Qd2 Nf6 10. O-O-O O-O 11. e3 a6 12. Bd3 Ne7 13. Qc2 Qd7 14. Kb1 b5
15. Ne2 Nh5 16. Bxd6 Qxd6 17. Ng3 Nxg3 18. hxg3 g6 19. Rc1 Rac8 20. Qc5 Qd7 21.
Rh6 Rf7 22. Bc2 Kf8 23. Rch1 Kg8 24. Bb3 Rb8 25. Rc1 Kg7 26. Rh2 Rb7 27. e4
fxe4 28. fxe4 c6 29. Re1 Qg4 30. Qd6 Qg5 31. Reh1 h5 32. Rd1 Rf6 33. Qe5 Qg4
34. Rh4 Qe2 35. Rf4 Ng8 36. exd5 Re7 37. Qxe2 Rxe2 38. Rxf6 Nxf6 39. dxc6 Ne8
40. Rc1 Nd6 41. c7 Nc8 42. Bd5 Rxf2 43. Bb7 Rf8 44. d5 1-0

[Event "23.Schlosspark-Open"]
[Site "Wiesbaden"]
[Date "2011.08.26"]
[Round "3.15"]
[White "Gottschalk, Jens"]
[Black "Menning, Uwe"]
[Result "1-0"]
[WhiteElo "2268"]
[BlackElo "2059"]
[PlyCount "51"]
[EventDate "2011.??.??"]
[WhiteTeam "Wiesbadener SV 1885"]
[BlackTeam "SC Taunusstein 1966"]

1. d4 d5 2. c4 e6 3. Nf3 Nf6 4. g3 c6 5. Bg2 Be7 6. O-O O-O 7. Qc2 Nbd7 8. b3
Ne4 9. Nfd2 f5 10. Bb2 Bg5 11. Nxe4 fxe4 12. f3 exf3 13. exf3 Qb6 14. Kh1 Bf6
15. Rd1 dxc4 16. Qxc4 c5 17. dxc5 Nxc5 18. Bxf6 Rxf6 19. Nc3 Nd7 20. Ne4 Rf8
21. Rd6 Qe3 22. Rxe6 Kh8 23. Re7 Nb6 24. Qf7 Rg8 25. Qxg8+ Kxg8 26. Re8+ 1-0

[Event "23.Schlosspark-Open"]
[Site "Wiesbaden"]
[Date "2011.08.26"]
[Round "3.16"]
[White "Repplinger, Marc"]
[Black "Brechlin, Olaf"]
[Result "1/2-1/2"]
[WhiteElo "2249"]
[BlackElo "2050"]
[PlyCount "38"]
[EventDate "2011.??.??"]
[WhiteTeam "SV Koblenz 03/25"]
[BlackTeam "SC Hoyerswerda"]

1. d4 d5 2. Nf3 Nf6 3. c4 dxc4 4. g3 c6 5. Bg2 Bf5 6. Nbd2 e6 7. O-O Be7 8.
Nxc4 O-O 9. Qb3 Qc8 10. Bf4 Rd8 11. Rac1 Be4 12. Rfd1 Nbd7 13. Ncd2 Bg6 14. Nh4
Bh5 15. Nhf3 Nd5 16. Ne4 Nxf4 17. gxf4 Qc7 18. e3 Qb6 19. Qc3 Rac8 1/2-1/2

[Event "23.Schlosspark-Open"]
[Site "Wiesbaden"]
[Date "2011.08.26"]
[Round "3.17"]
[White "Schupp, Tobias"]
[Black "Werner, Dimo"]
[Result "1-0"]
[WhiteElo "2041"]
[BlackElo "2237"]
[PlyCount "61"]
[EventDate "2011.??.??"]
[WhiteTeam "SK Niederbrechen 1948"]
[BlackTeam "Vorw.Orient Mainz"]

1. Nf3 Nf6 2. g3 g6 3. Bg2 Bg7 4. O-O O-O 5. c4 d6 6. Nc3 Nc6 7. Rb1 a5 8. a3
e5 9. d3 h6 10. Qc2 Re8 11. b4 axb4 12. axb4 Bg4 13. e3 Qd7 14. b5 Ne7 15. Bd2
Bh3 16. e4 Bxg2 17. Kxg2 Nh5 18. h3 f5 19. Ra1 b6 20. Qb2 Nf6 21. Rxa8 Rxa8 22.
Ra1 Rf8 23. Ra7 fxe4 24. dxe4 Nxe4 25. Nxe4 Qf5 26. Qb3 Qxe4 27. Rxc7 Nf5 28.
c5+ d5 29. cxb6 Kh7 30. b7 d4 31. Qf7 1-0

[Event "23.Schlosspark-Open"]
[Site "Wiesbaden"]
[Date "2011.08.26"]
[Round "3.18"]
[White "Kayser, Felix"]
[Black "Tuchtfeld, Jürgen"]
[Result "1-0"]
[WhiteElo "2190"]
[BlackElo "2038"]
[PlyCount "41"]
[EventDate "2011.??.??"]
[WhiteTeam "Wiesbadener SV 1885"]
[BlackTeam "SK Ebringen"]

1. e4 c6 2. Nc3 d5 3. Nf3 Bg4 4. h3 Bh5 5. Be2 d4 6. Nxd4 Bxe2 7. Ndxe2 e5 8.
d4 Nd7 9. O-O Ne7 10. Be3 Ng6 11. f4 f6 12. fxe5 fxe5 13. d5 Bc5 14. Bxc5 Nxc5
15. Qd2 Qe7 16. Qe3 Rf8 17. Ng3 Nf4 18. Nf5 Qh4 19. Rxf4 exf4 20. Qxc5 Rf6 21.
Qe7# 1-0

[Event "23.Schlosspark-Open"]
[Site "Wiesbaden"]
[Date "2011.08.26"]
[Round "3.19"]
[White "Seidel, Jürgen"]
[Black "Rott, Georg"]
[Result "1-0"]
[WhiteElo "2033"]
[BlackElo "2223"]
[PlyCount "117"]
[EventDate "2011.??.??"]
[WhiteTeam "SV 1920 Hofheim"]
[BlackTeam "SK Münster 32 e.V."]

1. f4 d5 2. Nf3 Nf6 3. g3 c6 4. Bg2 Bf5 5. d3 h6 6. e3 e6 7. Qe2 Nbd7 8. Nc3
Nc5 9. O-O Qb6 10. Ne5 Bd6 11. Kh1 O-O 12. h3 Qc7 13. e4 dxe4 14. d4 Ncd7 15.
g4 Bh7 16. Nxe4 Nxe4 17. Bxe4 Bxe4+ 18. Qxe4 Nf6 19. Qe2 c5 20. Be3 Nd5 21. c3
f6 22. Ng6 Rfe8 23. Rae1 cxd4 24. cxd4 Rac8 25. Rc1 Qf7 26. Nh4 Qd7 27. Ng2 a6
28. Qd3 Rxc1 29. Rxc1 Rc8 30. Rxc8+ Qxc8 31. Bd2 Qc6 32. Kg1 Qa4 33. Qe4 Kf7
34. f5 Qd7 35. Kf2 Bb8 36. fxe6+ Qxe6 37. Kf3 Bd6 38. Bf4 Qxe4+ 39. Kxe4 Nxf4
40. Nxf4 Bxf4 41. Kxf4 Ke6 42. Ke4 g6 43. h4 h5 44. gxh5 gxh5 45. d5+ Kd6 46.
Kf5 Kxd5 47. Kxf6 a5 48. Kg5 Ke5 49. Kxh5 Kf6 50. a4 Kf5 51. Kh6 Kf6 52. h5 Kf7
53. Kg5 Kg7 54. h6+ Kh7 55. Kh5 Kh8 56. Kg6 Kg8 57. h7+ Kh8 58. Kh6 b6 59. Kg6
1-0

[Event "23.Schlosspark-Open"]
[Site "Wiesbaden"]
[Date "2011.08.26"]
[Round "3.20"]
[White "Reichenbächer, Thomas"]
[Black "Minor, Samuel"]
[Result "0-1"]
[WhiteElo "1996"]
[BlackElo "2210"]
[PlyCount "74"]
[EventDate "2011.??.??"]
[WhiteTeam "SC Steißlingen"]
[BlackTeam "Wiesbadener SV 1885"]

1. d4 Nf6 2. c4 e6 3. Nc3 Bb4 4. a3 Bxc3+ 5. bxc3 h6 6. e3 b6 7. Ne2 Nc6 8. Ng3
d6 9. Bd3 Na5 10. O-O Ba6 11. Qe2 Qd7 12. e4 Qa4 13. e5 dxe5 14. dxe5 Nd7 15.
Qg4 g5 16. Qf3 Nc6 17. Nh5 O-O-O 18. Be2 Ndxe5 19. Qf6 Rhg8 20. Qxh6 Qc2 21.
Ng3 g4 22. Be3 Bxc4 23. Bxc4 Nxc4 24. Rac1 Qg6 25. Qf4 Nb2 26. Rb1 e5 27. Qf5+
Qxf5 28. Nxf5 Na4 29. Rfc1 Rd3 30. Kf1 Rgd8 31. g3 Na5 32. Nh6 Nxc3 33. Rxc3
Rxc3 34. Nxg4 Nc4 35. Re1 f5 36. Nf6 Nxe3+ 37. fxe3 Rc6 0-1

[Event "23.Schlosspark-Open"]
[Site "Wiesbaden"]
[Date "2011.08.26"]
[Round "3.21"]
[White "Gentner, Markus"]
[Black "Cattus, Nico"]
[Result "1/2-1/2"]
[WhiteElo "2026"]
[BlackElo "2201"]
[PlyCount "75"]
[EventDate "2011.??.??"]
[WhiteTeam "SC Murrhardt 1948 e.V."]
[BlackTeam "vereinslos"]

1. Nf3 Nf6 2. d4 g6 3. c4 Bg7 4. Nc3 d6 5. e4 O-O 6. Be3 c6 7. h3 Qc7 8. Be2
Nbd7 9. O-O a6 10. Qc1 Re8 11. Rb1 e5 12. d5 c5 13. Nh2 Nf8 14. Bh6 Qe7 15. a3
N6d7 16. Bd3 f6 17. Be3 h5 18. b4 b6 19. Na4 f5 20. bxc5 bxc5 21. Bg5 Bf6 22.
Nf3 f4 23. h4 Nh7 24. Bxf6 Qxf6 25. Re1 Ra7 26. Kf1 Ndf8 27. Rb8 Nd7 28. Rb2
Ndf8 29. Qc3 Bg4 30. Reb1 Bxf3 31. gxf3 Qxh4 32. Ke2 g5 33. Rg1 g4 34. Qe1 Rg7
35. Rh1 gxf3+ 36. Kd2 Qg4 37. Rb6 Qd7 38. Nc3 1/2-1/2

[Event "23.Schlosspark-Open"]
[Site "Wiesbaden"]
[Date "2011.08.26"]
[Round "3.22"]
[White "Tischendorf, Michael"]
[Black "Partzsch, Lukas"]
[Result "1/2-1/2"]
[WhiteElo "2186"]
[BlackElo "2034"]
[PlyCount "78"]
[EventDate "2011.??.??"]
[WhiteTeam "SV 1920 Hofheim"]
[BlackTeam "SC Matt im Park Ffm"]

1. d4 Nf6 2. c4 d6 3. Nf3 Nbd7 4. g3 e5 5. Bg2 Be7 6. O-O O-O 7. Nc3 c6 8. Qc2
Re8 9. h3 Bf8 10. e4 Qc7 11. Be3 a6 12. Rac1 b5 13. Nd2 b4 14. Ne2 c5 15. d5
Kh8 16. f4 Ng8 17. f5 f6 18. g4 g5 19. Ng3 h6 20. Nf3 Be7 21. Kf2 Nf8 22. Rh1
Nh7 23. Rh2 Rf8 24. Rch1 Rf7 25. h4 Qd8 26. Nh5 Ra7 27. Qd2 a5 28. Bf1 Bd7 29.
Bd3 Be8 30. Kg3 Rf8 31. Nxf6 gxh4+ 32. Nxh4 Bxf6 33. Bxh6 Bxh4+ 34. Rxh4 Nxh6
35. Qxh6 Kg8 36. Qe6+ Bf7 37. Qh6 Be8 38. Qe6+ Bf7 39. Qh6 Be8 1/2-1/2

[Event "23.Schlosspark-Open"]
[Site "Wiesbaden"]
[Date "2011.08.26"]
[Round "3.23"]
[White "Fellhauer, Clemens"]
[Black "Belz, Frank-M"]
[Result "1-0"]
[WhiteElo "2178"]
[BlackElo "2025"]
[PlyCount "143"]
[EventDate "2011.??.??"]
[WhiteTeam "SK 69 Mühlhausen e.V."]
[BlackTeam "SK Freising"]

1. e4 c6 2. Nf3 d5 3. Nc3 dxe4 4. Nxe4 Bf5 5. Ng3 Bg6 6. h4 h6 7. d4 e6 8. Bd3
Bxd3 9. Qxd3 Nf6 10. Bd2 Bd6 11. Ne4 Nxe4 12. Qxe4 Nd7 13. c4 Nf6 14. Qe2 Qc7
15. Bc3 O-O-O 16. O-O-O Rhe8 17. Kb1 Kb8 18. b4 a6 19. g3 b5 20. c5 Bf8 21. d5
exd5 22. Be5 Rxe5 23. Qxe5 Ne4 24. Qxc7+ Kxc7 25. Rhf1 a5 26. a3 axb4 27. axb4
g6 28. Kc2 Bg7 29. Nd2 Nxd2 30. Kxd2 Ra8 31. Rb1 Ra2+ 32. Ke3 Bc3 33. Rb3 d4+
34. Kf3 Kd7 35. h5 g5 36. g4 Ke6 37. Rd1 Rc2 38. Rdb1 Kd5 39. Ra3 Kc4 40. Ra6
d3 41. Rxc6 d2 42. Rd1 Kd3 43. Rxh6 Bxb4 44. Rd6+ Kc4 45. Ke2 Kxc5 46. R6xd2
Bxd2 47. Rxd2 Rc1 48. Rd1 Rc3 49. Rh1 Kd4 50. Rd1+ Ke4 51. Rd7 Rc2+ 52. Rd2 Rc6
53. f3+ Ke5 54. Rd7 Kf6 55. Rb7 Rc5 56. Kd3 Rd5+ 57. Ke4 Re5+ 58. Kd4 Re1 59.
Rb6+ Kg7 60. Rxb5 Re2 61. Rxg5+ Kh6 62. Rf5 Kg7 63. Re5 Rd2+ 64. Ke3 Rd1 65.
Kf4 Rd4+ 66. Kf5 Rd6 67. g5 Ra6 68. Rb5 Rc6 69. f4 Ra6 70. Rb7 Ra5+ 71. Kg4 Rc5
72. g6 1-0